Week 8 Men's Basketball AP Poll - Statistics

General Stats
  • This quiz has been taken 8 times
  • The average score is 22 of 25
Answer Stats
Rank Change in Poll Answer % Correct
1 Stay Arizona
100%
18 Down 4 Arkansas
100%
10 Stay BYU
100%
6 Down 3 Duke
100%
22 Up 1 Florida
100%
7 Stay Gonzaga
100%
8 Stay Houston
100%
25 NR Iowa
100%
2 Stay Michigan
100%
5 Up 1 Purdue
100%
19 Up 1 Tennessee
100%
15 Up 4 Texas Tech
100%
4 Up 1 UConn
100%
20 Down 2 Illinois
83%
3 Up 1 Iowa State
83%
13 Up 2 Nebraska
83%
12 Stay North Carolina
83%
24 NR USC
83%
11 Up 2 Vanderbilt
83%
21 Up 2 Virginia
83%
14 Up 2 Alabama
67%
9 Stay Michigan State
67%
23 Up 2 Georgia
50%
17 Stay Kansas
50%
16 Down 5 Louisville
50%
No matching quizzes found
Score Distribution
Percent of People with Each Score
Percentile by Number Answered
Your Score History
You have not taken this quiz